Normal view
MARC view
- A.J.Memeem
Entry Personal Name
001 - CONTROL NUMBER
- control field: 26982
003 - CONTROL NUMBER IDENTIFIER
- control field: NUST
005 - DATE AND TIME OF LATEST TRANSACTION
- control field: 20191216104729.0
008 - FIXED-LENGTH DATA ELEMENTS
- fixed length control field: 191216|| aca||aabn | a|a d
040 ## - CATALOGING SOURCE
- Original cataloging agency: NUST
- Transcribing agency: NUST
100 ## - HEADING--PERSONAL NAME
- Personal name: A.J.Memeem
670 ## - SOURCE DATA FOUND
- Source citation: Work cat.: (NUST): A.J.Memeem, Physical Chemistry, c1964
